000 01288cam a2200325 a 4500
001 15694401
003 OSt
005 20140310182723.0
008 090409s2009 inua b 001 0 eng
010 _a 2009013953
020 _a9780768685763 (pbk.)
020 _a0768685761 (pbk.)
035 _a(OCoLC)ocn297146420
040 _aDLC
_cDLC
_dBTCTA
_dYDXCP
_dC#P
_dBWX
_dDLC
050 0 0 _aTK 5105.5
_b.H385 2009
100 1 _aBlack, Uyless D.
245 1 0 _aSams teach yourself networking in 24 hours /
_cUyless Black.
250 _a4th ed.
260 _aIndianapolis, Ind. :
_bSams,
_c2009.
300 _a416 p. :
_bill. ;
_c23 cm.
500 _aPrevious ed.: Sams teach yourself networking in 24 hours / Joe Habraken, Matt Hayden. 3rd ed. c2004.
504 _aIncludes bibliographical references and index.
521 _aIT
650 0 _aComputer networks.
700 1 _aHabraken, Joseph W.,
_d1954-
_tSams teach yourself networking in 24 hours.
906 _a7
_bcbc
_corignew
_d1
_eecip
_f20
_gy-gencatlg
942 _2lcc
_cBK
_kFOR
999 _c15365
_d15365